| 000 | 00661nam a22001937a 4500 | ||
|---|---|---|---|
| 005 | 20130523164816.0 | ||
| 010 | _a B-475604 | ||
| 020 |
_a9788192114453 _c380.00 |
||
| 035 | _aB-477505-513 B-475604 | ||
| 037 |
_adpl _bRBC/Ven |
||
| 082 | _a030.954 | ||
| 245 |
_aLimca book of records, 2012 : _bIndia at her best _cedited by Vijaya Ghose |
||
| 260 |
_aGurgaon _bCoca-Cola Inc. _c2012 |
||
| 270 |
_aEnkay towers, Udyog bhavan - V _bHaryana |
||
| 300 |
_a327 p. _c27 cm(pbk) |
||
| 500 | _aSpecial music edition | ||
| 942 |
_2ddc _cEN _mGHO _h030.954 |
||
| 999 |
_c68912 _d68912 |
||